L' Haitianisme 1 / (Record no. 11638)

MARC details
000 -LEADER
campo de control de longitud fija 00841cam a2200265 i 4500
001 - NÚMERO DE CONTROL
campo de control 108444
005 - FECHA Y HORA DE LA ÚLTIMA TRANSACCIÓN
campo de control 20230410101644.0
008 - DATOS DE LONGITUD FIJA--INFORMACIÓN GENERAL
campo de control de longitud fija 121213b1975 waua 000 0 fre
041 0# - CÓDIGO DE IDIOMA
Código de lengua del texto/banda sonora o título independiente french
050 14 - SIGNATURA TOPOGRÁFICA DE LA BIBLIOTECA DEL CONGRESO
Número de clasificación 110 F 1926
Número de ítem A532h 1975
100 1# - ENTRADA PRINCIPAL--NOMBRE DE PERSONA
Nombre de persona Anacaona (pseudonyme)
245 13 - MENCIÓN DEL TÍTULO
Título L' Haitianisme 1 /
Mención de responsabilidad, etc. Anacaona; preface de Rene S. Benjamin, Robert Trébor, Jacques C. Anderson.
260 ## - PUBLICACIÓN, DISTRIBUCIÓN, ETC.
Lugar de publicación, distribución, etc. 49p.:
Fecha de publicación, distribución, etc. 21cm.
300 ## - DESCRIPCIÓN FÍSICA
Extensión Washington, D.C. :
Otras características físicas L'Union Fait La Force ;
Dimensiones 1975
500 ## - NOTA GENERAL
Nota general "L'haitianisme- voir rubrique: L'unite nationale dans le journal La Voix D'Haiti de mars a aout 1975".
650 #0 - PUNTO DE ACCESO ADICIONAL DE MATERIA--TÉRMINO DE MATERIA
Término de materia o nombre geográfico como elemento de entrada Haiti
Subdivisión general History
650 #4 - PUNTO DE ACCESO ADICIONAL DE MATERIA--TÉRMINO DE MATERIA
Término de materia o nombre geográfico como elemento de entrada CEH
650 #4 - PUNTO DE ACCESO ADICIONAL DE MATERIA--TÉRMINO DE MATERIA
Término de materia o nombre geográfico como elemento de entrada Colección Estudios Haitianos.
700 1# - ENTRADA AGREGADA--NOMBRE PERSONAL
Nombre de persona Benjamin, Rene S.
700 1# - ENTRADA AGREGADA--NOMBRE PERSONAL
Nombre de persona Trebor, Robert
700 1# - ENTRADA AGREGADA--NOMBRE PERSONAL
Nombre de persona Anderson, Jacques
856 42 - LOCALIZACIÓN Y ACCESO ELECTRÓNICOS
Materiales especificados
Identificador Uniforme de Recursos <a href=""></a>
942 ## - ELEMENTOS DE ENTRADA SECUNDARIOS (KOHA)
Fuente del sistema de clasificación o colocación Clasificación de Library of Congress
Tipo de ítem Koha
946 ## - PROCESAMIENTO DE INFORMACIÓN LOCAL (OCLC)
a ob
Holdings
Estatus retirado Estado de pérdida Fuente del sistema de clasificación o colocación Estado de daño No para préstamo Colección Biblioteca de origen Biblioteca actual Ubicación en estantería Fecha de adquisición Serial enumeration / chronology Signatura topográfica completa Código de barras Visto por última vez Copia número Tipo de ítem Koha
    Clasificación de Library of Congress     Recursos Regionales Biblioteca Juan Bosch Biblioteca Juan Bosch Recursos Regionales (2do. Piso) 10/04/2023 1 110 F 1926 A532h 1975 00000099501 23/10/2018 1